00748 a2200205 450000100060000002000150000604000240002110000280004524000410007324500360011430000080015036200090015844000080016765000310017594200070020695201040021395201040031795201040042199900170052569716 a8532246044 cAnchieta - Itaigara aLaurito, Ilka Brunhilde10aA menina que descobriu o Brasillpor10aA menina que descobriu o Brasil a1660 a2001 1aFTD 4aLiteratura infanto-juvenil cBK 00104070a88.1b88.1d2023-11-21l0o028.5 LAU MENp2356/ITAr2023-11-21 20:04:24w2023-11-21yBK 00104070a88.1b88.1d2023-11-21l0o028.5 LAU MENp2357/ITAr2023-11-21 20:04:24w2023-11-21yBK 00104070a88.1b88.1d2023-11-21l0o028.5 LAU MENp2358/ITAr2023-11-21 20:04:24w2023-11-21yBK c69716d69716